Memòria de la República i la Guerra Civil : el testimoni de Lluís Ros i Medir : (1932-1938) / edició a cura de Jordi Gaitx Moltó el testimoni de Lluís Ros i Medir :
ISBN:
84-923432-7-3
Descripción Física:
170 p. ; 21 cm
Otros Autores:
Gaitx Moltó, Jordi
MARC
| LEADER | 00000nam a2200000Ia 4500 | ||
|---|---|---|---|
| 001 | 18321 | ||
| 008 | 160829s2006 xx 000 0 cat d | ||
| 020 | |a 84-923432-7-3 | ||
| 080 | |a H-2-345 | ||
| 245 | |a Memòria de la República i la Guerra Civil : |b el testimoni de Lluís Ros i Medir : |b (1932-1938) / edició a cura de Jordi Gaitx Moltó | ||
| 260 | |a Palafrugell : |b Ajuntament de Palafrugell, |c 2006 | ||
| 300 | |a 170 p. ; |c 21 cm | ||
| 650 | |a Ros i Medir, Lluís |9 27662 | ||
| 650 | |a Catalunya |x Història |x 1931/1939, Segona República Espanyola |x Relats personals |9 27663 | ||
| 651 | 0 | |a Catalunya |x Història |y 1936-1939, Guerra Civil |v Relats personals |9 55642 | |
| 700 | |a Gaitx Moltó, Jordi |9 44868 | ||
| 901 | |a Arxiu | ||
| 942 | |n 1 | ||
| 952 | |0 0 |1 0 |4 0 |6 H2345 |7 1 |9 44503 |a Arxiu |b Arxiu |d 2016-12-01 |l 0 |o H-2-345 |p 18321 |r 2016-12-01 00:00:00 |w 2016-12-01 |y ARXIU | ||
| 999 | |c 47084 |d 47084 | ||